地下鉄が通る都市サドンデス - Statistics

General Stats
  • This quiz has been taken 127 times
  • The average score is 5 of 12
Answers on the Grid
Answers color-coded by a green-red scale on the quiz's grid according to % correct below.
札幌市
函館市
富谷市
多賀城市
さいたま市
足立区
荒川区
葛飾区
目黒区
世田谷区
大田区
川崎市
鎌倉市
藤沢市
新潟市
日進市
北名古屋市
大津市
宇治市
向日市
堺市
東大阪市
八尾市
豊中市
吹田市
明石市
北九州市
糸島市
 
Answer Stats
Answer % Correct
札幌市
96%
目黒区
52%
足立区
51%
東大阪市
44%
荒川区
42%
堺市
39%
日進市
36%
八尾市
36%
大田区
34%
宇治市
25%
藤沢市
22%
吹田市
22%
No matching quizzes found
Score Distribution
Percent of People with Each Score
Percentile by Number Answered
Your Score History
You have not taken this quiz